48 Laws of Power (Record no. 299172)

000 -LEADER
fixed length control field 00296 a2200121 4500
001 - CONTROL NUMBER
control field 64099
082 ## - DEWEY DECIMAL CLASSIFICATION NUMBER
Classification number 303.321 GRE
090 ## - LOCALLY ASSIGNED LC-TYPE CALL NUMBER (OCLC); LOCAL CALL NUMBER (RLIN)
-- 37874
-- 37874
100 ## - MAIN ENTRY--PERSONAL NAME
Personal name Greene,Robert
245 ## - TITLE STATEMENT
Title 48 Laws of Power
Medium English
260 ## - PUBLICATION, DISTRIBUTION, ETC.
Place of publication, distribution, etc. New Delhi
Name of publisher, distributor, etc. Viva Books Private,Ltd
Date of publication, distribution, etc. 2006
300 ## - PHYSICAL DESCRIPTION
Extent xxiii, 452p.
942 ## - ADDED ENTRY ELEMENTS (KOHA)
Institution code [OBSOLETE] NUST-CAE
Call number prefix 303.321 GRE
Holdings
Withdrawn status Lost status Damaged status Not for loan Collection code Permanent Location Current Location Date acquired Total Checkouts Full call number Barcode Date last seen Price effective from Koha item type
          College of Aeronautical Engineering (CAE) College of Aeronautical Engineering (CAE) 04/03/2017   303.321 GRE CAEN-4188 04/05/2017 04/05/2017 Book
© 2023 Central Library, National University of Sciences and Technology. All Rights Reserved.